| 000 | 00860nam a2200241Ia 4500 | ||
|---|---|---|---|
| 003 | OSt | ||
| 005 | 20221005111646.0 | ||
| 006 | a|||||r|||| 00| 0 | ||
| 007 | ta | ||
| 008 | 221004b |||||||| |||| 00| 0 hin d | ||
| 024 | _a113809 | ||
| 037 | _cTextual | ||
| 040 |
_aCRL _cCRL _bhin |
||
| 041 |
_2hin _ahin |
||
| 082 | _aDelta2xM72, 152K8.1 | ||
| 100 | _aश्री अरविंद | ||
| 245 | 0 | _aभारतीय संस्कृति के आधार | |
| 246 | _aBhāratīya sanskṛuti ke ādhāra | ||
| 260 |
_aपांडिचेरी _bअरविंद सोसायटी भारत _c1968 |
||
| 650 | _aआध्यात्मिक अनुभव और रहस्यवाद | ||
| 942 |
_hDelta2xM72, 152K8.1 _cTEXL _2cc |
||
| 999 |
_c1022479 _d1022479 |
||